The foundations of philately / (Record no. 6401)
[ view plain ]
| 000 -LEADER | |
|---|---|
| fixed length control field | 00668nam a22002172a 4500 |
| 001 - CONTROL NUMBER | |
| control field | 6401 |
| 003 - CONTROL NUMBER IDENTIFIER | |
| rucl marc code | UkOxU |
| 005 - DATE AND TIME OF LATEST TRANSACTION | |
| control field | 20211208234233.0 |
| 008 - FIXED-LENGTH DATA ELEMENTS--GENERAL INFORMATION | |
| fixed length control field | 500101s1955 enka 000 0 eng d |
| 035 ## - SYSTEM CONTROL NUMBER | |
| System control number | OCLC ocm07420001 from D950322M |
| 040 ## - CATALOGING SOURCE | |
| Original cataloging agency | PLF |
| Transcribing agency | PLF |
| Modifying agency | UKM |
| -- | EQO |
| Language of cataloging | eng |
| 041 ## - LANGUAGE CODE | |
| Language code of text/sound track or separate title | eng |
| 082 ## - DEWEY DECIMAL CLASSIFICATION NUMBER | |
| Edition number | 23 |
| Classification number | 769 |
| Author mark and year | BOF 1955 |
| 100 1# - MAIN ENTRY--PERSONAL NAME | |
| Personal name | Boggs, Winthrop S. |
| Fuller form of name | (Winthrop Smillie), |
| Dates associated with a name | 1902-1974. |
| 9 (RLIN) | 20163 |
| 245 14 - TITLE STATEMENT | |
| Title | The foundations of philately / |
| Statement of responsibility, etc. | by Winthrop S. Boggs in collaboration with Arnold M. Strange |
| 260 ## - PUBLICATION, DISTRIBUTION, ETC. (IMPRINT) | |
| Place of publication, distribution, etc. | London : |
| Name of publisher, distributor, etc. | Faber and Faber, |
| Date of publication, distribution, etc. | c1955 |
| 300 ## - PHYSICAL DESCRIPTION | |
| Pagination | 196 p. |
| Illustrations | illus |
| 650 #0 - SUBJECT ADDED ENTRY--TOPICAL TERM | |
| Topical term or geographic name as entry element | Stamp collecting |
| 9 (RLIN) | 20164 |
| 942 ## - ADDED ENTRY ELEMENTS (KOHA) | |
| Source of classification or shelving scheme | Dewey Decimal Classification |
| Koha item type | Books |
| Lost status | Source of classification or shelving scheme | Damaged status | Not for loan | Collection code | Permanent Location | Current Location | Shelving location | Date acquired | Source of acquisition | Cost, normal purchase price | Total Checkouts | Full call number | Date last seen | Copy number | Koha item type |
|---|---|---|---|---|---|---|---|---|---|---|---|---|---|---|---|
| Dewey Decimal Classification | Not For Loan | Non-fiction | Central Library, University of Rajshahi | Central Library, University of Rajshahi | 24/09/1956 | Asia Foundation | 17.10 | 769 BOF 1955 | 11/01/2014 | C-1 | Books |